La democracia como concepto y valor político en América Latina y el Caribe /
Gallardo analiza la situación de América Latina y el Caribe en la década de los ochenta, y el proceso de democratización que se ha venido produciendo: apunta que los gobiernos militares, con fuertes ejércitos, han ido perdiendo terreno frente a gobiernos civiles, como en los casos de Argentina, Boli...
Saved in:
| Main Author: | |
|---|---|
| Format: | Text |
| Subjects: | |
| Tags: |
Add Tag
No Tags, Be the first to tag this record!
|
MARC
| LEADER | 00000 a a2200000 04500 | ||
|---|---|---|---|
| 001 | 11964 | ||
| 003 | |||
| 040 | |||
| 100 | |a Gallardo, Helio | ||
| 245 | |a La democracia como concepto y valor político en América Latina y el Caribe / |c Helio Gallardo | ||
| 520 | |a Gallardo analiza la situación de América Latina y el Caribe en la década de los ochenta, y el proceso de democratización que se ha venido produciendo: apunta que los gobiernos militares, con fuertes ejércitos, han ido perdiendo terreno frente a gobiernos civiles, como en los casos de Argentina, Bolivia, Perú y Uruguay. Examina las consecuencias de la crisis del mercado mundial y el desmesurado crecimiento de la deuda externa y el rol desempeñado por Estados Unidos en la vida de los países latinoamericanos y la manera en que esa potencia quita y pone presidentes. LOB/mb | ||
| 650 | |a DEMOCRATIZACION | ||
| 650 | |a ELECCIONES | ||
| 650 | |a MILITARISMO | ||
| 650 | |a FUERZAS ARMADAS | ||
| 650 | |a MERCADO INTERNACIONAL | ||
| 650 | |a DEUDA EXTERNA | ||
| 650 | |a EXPORTACIONES | ||
| 650 | |a POLITICA EXTERIOR | ||
| 650 | |a AYUDA MILITAR | ||
| 650 | |a AYUDA ECONOMICA | ||
| 773 | |g número 15; páginas 1-12 | ||
| 999 | |c 36299 |d 36299 | ||
| 773 | 0 | |0 41641 |9 2258 |a Departamento Ecuménico de Investigaciones (DEI) |d San José, Costa Rica Departamento Ecuménico de Investigaciones (DEI) |o 20044 |t Pasos / | |
